[Event "NED-ch op-A"]
[Site "Borne"]
[Date "2019.08.06"]
[Round "6"]
[White "Zoet, Wiebe"]
[Black "Rudolph, Simon"]
[Result "0-1"]
[WhiteElo "426"]
[BlackElo "464"]
[PlyCount "37"]
[EventDate "2019.08.05"]
[EventType "swiss"]
[EventRounds "9"]
[EventCountry "NED"]
[SourceTitle "EXT 2020"]
[Source "ChessBase"]
[SourceDate "2019.10.17"]
[SourceVersion "1"]
[SourceVersionDate "2019.10.17"]
[SourceQuality "1"]

1. e4 Nf6 2. e5 Nd5 3. c4 Nb6 4. d4 d6 5. f4 e6 6. Nf3 dxe5 7. fxe5 Nc6 8. d5 Nb8 9. Nc3 Bb4 10. Bd2 exd5 11. cxd5 Nxd5 12. Nxd5 Bxd2+ 13. Qxd2 c6 14. Nf4 Qxd2+ 15. Nxd2 0-0 16. Be2 Rd8 17. Rd1 Be6 18. Nxe6 fxe6 19. 0-0 0-1